| 000 | 01193cam a22003857i 4500 | ||
|---|---|---|---|
| 001 | 4208 | ||
| 003 | FISKH | ||
| 005 | 20240704150437.0 | ||
| 008 | 140925s2014 nyua b 000 0 eng d | ||
| 010 |
_a 2014451344 _z 2016304381 |
||
| 020 |
_a9780545732390 _q(hardback) |
||
| 020 | _a9780545631594 | ||
| 040 |
_aZGD _beng _cZGD _erda _dIH5 _dJAO _dILC _dOCLCO _dOCLCF _dDLC |
||
| 050 | _aQE861.A7766 | ||
| 082 | _a567.9 | ||
| 100 | 1 | _aArnold, Tedd, | |
| 245 | 1 | 0 |
_aFly Guy presents : _bdinosaurs / _cTedd Arnold. |
| 246 | 3 | _aDinosaurs | |
| 260 |
_aNew York ; _bScholastic, _c2014. |
||
| 300 |
_a26 unnumbered pages : _bcolor illustrations ; _c23 cm |
||
| 336 |
_atext _2rdacontent |
||
| 337 |
_aunmediated _2rdamedia |
||
| 338 |
_avolume _2rdacarrier |
||
| 490 | 1 |
_aFly guy _vBook 3 |
|
| 505 | _aM | ||
| 520 | _aDuring a visit to a natural history museum, Fly Guy and Buzz learn all about dinosaurs.-- | ||
| 521 | 0 |
_a570
_bLexile |
|
| 521 | 2 |
_aM
_bRaz-Plus |
|
| 650 | 0 |
_aDinosaurs _vJuvenile literature. |
|
| 650 | 1 | _aDinosaurs. | |
| 800 | 1 |
_aArnold, Tedd. _tFly Guy. |
|
| 906 |
_a7 _bcbc _ccopycat _d2 _encip _f20 _gy-gencatlg |
||
| 942 |
_2ddc _cBK _n0 |
||
| 999 |
_c4208 _d4208 |
||